00450nam a2200169 a 450000100060000000300090000600800410001502000150005604000280007108200170009910000350011624500280015126000430017930000110022265000300023365000170026317216CO-ViMGA141112s2004 ck r 000 u spa d a8420007323 aCO-ViMGAbspacCO-ViMGA04a635.04 A774p1 aArthey, David; Dennis, Colin, 10aProcesado de hortalizas aZaragoza (España), cAcribia, c1992 a317.p.14aHORTALIZAS - CONSERVACION14aHORTICULTURA